[Event "Tourn. n9240"]
[Site "www.chess-mail.com"]
[Date "2017.04.15"]
[Round "1"]
[White "Pdebonis"]
[Black "Tartan"]
[WhiteElo "2450"]
[BlackElo "2410"]
[Result "1-0"]
[Round "1"]
1.e4 c5
2.Ng1f3 Nb8c6
3.d4 cxd4
4.Nf3xd4 g6
5.c4 Ng8f6
6.Nb1c3 d6
7.Nd4c2 Bf8g7
8.Bf1e2 Nf6d7
9.Bc1d2 O-O
10.O-O a5
11.Bd2e3 Bg7xc3
12.bxc3 Nd7c5
13.Be3xc5 dxc5
14.Nc2e3 e6
15.f4 f6
16.Ra1b1 Qd8c7
17.Qd1e1 a4
18.Qe1h4 Qc7g7
19.Rf1d1 Kh8
20.Rb1b5 Ra8a5
21.Qh4f2 Qg7e7
22.Ne3g4 h5
23.Ng4e3 Ra5a6
24.Qf2g3 Rf8g8
25.e5 fxe5
26.fxe5 Nc6a7
27.Rb5b2 a3
28.Rb2d2 Na7c6
29.Be2f3 Kh7
30.Bf3e4 Qe7g7
31.Rd2f2 Nc6e7
32.Ne3g4 Ne7f5
33.Qg3h3 Rg8f8
34.Rf2d2 { resign }
1-0

[Event "Tourn. n9295"]
[Site "www.chess-mail.com"]
[Date "2017.04.15"]
[Round "1"]
[White "Francesco"]
[Black "Sozaro"]
[WhiteElo "2070"]
[BlackElo "2099"]
[Result "0-1"]
[Round "1"]
1.e4 c5
2.Ng1f3 Nb8c6
3.c3 d5
4.exd5 Qd8xd5
5.d4 Ng8f6
6.Bf1e2 Bc8g4
7.O-O O-O-O
8.dxc5 Qd5xc5
9.Qd1a4 Qc5a5
10.Qa4b3 Bg4h5
11.Bc1f4 e5
12.Bf4g3 Nf6e4
13.Bg3h4 g5
14.Bh4g3 Ne4xg3
15.hxg3 e4
16.Nf3xg5 Bh5xe2
17.Ng5xf7 Be2xf1
18.Qb3e6 Kb8
19.Nf7xh8 Rd8d1
20.Kh2 Qa5h5
21.Qe6h3 Qh5xh3
22.gxh3 Nc6e5
23.a4 Ne5f3
{ resign }
0-1

[Event "Tourn. n9218"]
[Site "www.chess-mail.com"]
[Date "2017.04.15"]
[Round "1"]
[White "Ssharp"]
[Black "Norlavuaram"]
[WhiteElo "2160"]
[BlackElo "2180"]
[Result "1-0"]
[Round "1"]
1.e4 e5
2.Ng1f3 Nb8c6
3.Bf1c4 Bf8e7
4.Nb1c3 Ng8f6
5.d3 d6
6.h3 O-O
7.O-O Nc6a5
8.Bc4b3 Na5xb3
9.axb3 a6
10.Nc3e2 c6
11.Bc1e3 c5
12.c4 Ra8b8
13.Ne2c3 b5
14.Qd1d2 Qd8c7
15.Rf1c1 Nf6e8
16.Nc3d5 Qc7a7
17.Be3g5 f6
18.Bg5e3 Qa7d7
19.Nf3h4 Be7d8
20.Nh4f5 Ne8c7
21.Nd5xc7 Bd8xc7
22.Qd2e2 Qd7f7
23.Qe2g4 Kh8
24.Qg4f3 g6
25.Nf5h6 Qf7g7
26.Qf3g3 bxc4
27.bxc4 Rb8b3
28.Rc1c3 Rb3xc3
29.bxc3 a5
30.f3 f5
31.Be3g5 f4
32.Qg3h4 Bc8d7
33.Ra1b1 Rf8b8
34.Rb1xb8 Bc7xb8
35.Bg5f6 { resign }
1-0

[Event "Tourn. n9201"]
[Site "www.chess-mail.com"]
[Date "2017.04.15"]
[Round "1"]
[White "Osopanda"]
[Black "Norlavuaram"]
[WhiteElo "2030"]
[BlackElo "2130"]
[Result "0-1"]
[Round "1"]
1.d4 Ng8f6
2.c4 d6
3.Nb1c3 g6
4.e4 Bf8g7
5.f4 O-O
6.Ng1f3 c5
7.d5 a6
8.Bf1d3 Nb8d7
9.O-O Ra8b8
10.Qd1e2 Nf6e8
11.e5 Nd7b6
12.b3 Nb6a8
13.Bc1b2 Na8c7
14.Nc3e4 b5
15.Nf3g5 Bc8f5
16.exd6 exd6
17.Bb2xg7 Kxg7
18.Qe2b2 Kg8
19.Ra1e1 bxc4
20.Bd3xc4 h6
21.Ng5f3 a5
22.Qb2f2 Ne8f6
23.Ne4xf6 Qd8xf6
24.Nf3h4 Rf8e8
25.Re1xe8 Rb8xe8
26.Nh4xf5 Qf6xf5
27.Rf1d1 Qf5f6
28.Rd1d3 Qf6a1
29.Qf2f1 Re8e1
30.Rd3e3 Re1xf1
31.Bc4xf1 Qa1xa2
32.Bf1c4 Qa2d2
33.Re3e7 Qd2d4
34.Kf1 Nc7xd5
{ resign }
0-1

[Event "Match"]
[Site "www.echecsemail.com"]
[Date "2017.04.15"]
[Round "1"]
[White "Carazo"]
[Black "Enpassant"]
[WhiteElo "1600"]
[BlackElo "1279"]
[Result "1-0"]
[Round "1"]
1.e4 e5
2.Ng1f3 Nb8c6
3.Bf1c4 Ng8f6
4.Nf3g5 d5
5.exd5 Nc6a5
6.Qd1e2 Na5xc4
7.Qe2xc4 Qd8xd5
8.Qc4xd5 Nf6xd5
9.O-O f6
10.Ng5e4 Bc8f5
11.Ne4c3 { resign }
1-0

[Event "Match"]
[Site "www.echecsemail.com"]
[Date "2017.04.15"]
[Round "1"]
[White "Mitja"]
[Black "Bojan"]
[WhiteElo "1930"]
[BlackElo "2040"]
[Result "1-0"]
[Round "1"]
1.d4 d5
2.e3 Ng8f6
3.h3 Nf6e4
4.Nb1d2 Bc8f5
5.Nd2xe4 dxe4
6.Ng1e2 Nb8c6
7.Ne2g3 Bf5g6
8.c3 Qd8d6
9.Qd1b3 e6
10.Qb3xb7 Ra8b8
11.Qb7a6 Bf8e7
12.Bf1b5 Rb8b6
13.Qa6a4 O-O
14.Bb5xc6 Qd6xc6
15.Qa4c2 Be7h4
16.O-O Rf8d8
17.Qc2e2 Rd8d5
18.Qe2g4 Bh4f6
19.Ng3xe4 Bf6e7
20.Ne4g3 h5
21.Qg4d1 Be7h4
22.Ng3e2 Bg6e4
23.f3 Be4h7
24.e4 Rd5d7
25.b3 f6
26.Bc1b2 Rd7f7
27.g3 Bh4g5
28.h4 Bg5h6
29.Bb2c1 Bh6xc1
30.Qd1xc1 Qc6d7
31.Kg2 Qd7e7
32.Qc1d2 Rb6d6
33.Ra1d1 c5
34.Qd2b2 Rd6a6
35.dxc5 Qe7xc5
36.Rd1d8 Rf7f8
37.Rd8xf8 Kxf8
38.Ne2f4 Kf7
39.Rf1d1 Ke7
40.c4 Qc5a5
41.a4 Bh7g8
42.Qb2a3 Ke8
43.Nf4g6 Qa5c7
44.Qa3f8 { resign }
1-0

[Event "Match"]
[Site "www.echecsemail.com"]
[Date "2017.04.15"]
[Round "1"]
[White "Enpassant"]
[Black "Rassputin"]
[WhiteElo "1299"]
[BlackElo "1349"]
[Result "1-0"]
[Round "1"]
1.e4 e5
2.Ng1f3 Qd8f6
3.d4 Nb8c6
4.Bc1g5 Qf6d6
5.Nb1c3 Nc6xd4
6.g3 c6
7.Qd1d3 Qd6e6
8.Nf3xd4 exd4
9.Qd3xd4 h6
10.Bg5f4 b6
11.Qd4e5 d6
12.Qe5xe6 Bc8xe6
13.Bf1a6 d5
14.Ba6b7 Ra8d8
15.Bb7xc6 Ke7
16.O-O-O Kf6
17.Nc3xd5 Kg6
{ time. }
1-0

[Event "1/32 Finale"]
[Site "www.chess-mail.com"]
[Date "2017.04.15"]
[Round "1"]
[White "Stepanpech"]
[Black "Egdiogel"]
[WhiteElo "2180"]
[BlackElo "2260"]
[Result "1-0"]
[Round "1"]
1.e4 c6
2.d4 d5
3.Nb1c3 dxe4
4.Nc3xe4 Nb8d7
5.Bf1c4 e6
6.Ng1f3 Ng8f6
7.Ne4xf6 Nd7xf6
8.O-O Bf8d6
9.Nf3e5 O-O
10.c3 Qd8c7
11.Rf1e1 c5
12.Bc4d3 Nf6d5
13.Qd1g4 cxd4
14.Qg4xd4 h6
15.Bd3c2 Rf8d8
16.Qd4h4 b5
17.a4 Bc8b7
18.Ne5g4 Bd6e7
19.Ng4xh6 Kf8
20.Qh4h5 gxh6
21.Bc1xh6 Ke8
22.Re1xe6 Rd8d6
23.Re6e1 Nd5f6
24.Qh5g5 Kd8
25.Qg5g3 Rd6e6
26.Bh6f4 Qc7c5
27.axb5 Qc5xb5
28.Bf4e5 Nf6d7
29.Qg3g8 Nd7f8
30.Bc2a4 { resign }
1-0

[Event "1/32 Finale"]
[Site "www.chess-mail.com"]
[Date "2017.04.15"]
[Round "1"]
[White "Ozana"]
[Black "Egdiogel"]
[WhiteElo "2290"]
[BlackElo "2280"]
[Result "0-1"]
[Round "1"]
1.Ng1f3 c5
2.c4 b6
3.g3 Bc8b7
4.Bf1g2 g6
5.O-O Bf8g7
6.Nb1c3 Ng8f6
7.d4 cxd4
8.Qd1xd4 Nb8c6
9.Qd4f4 Ra8c8
10.b3 O-O
11.Bc1b2 d6
12.Ra1b1 Nc6b8
13.Rf1d1 Nb8d7
14.Nf3g5 Bb7xg2
15.Kxg2 Nd7c5
16.Nc3d5 e5
17.Qf4h4 h6
18.Ng5f3 g5
19.Qh4h3 Nf6xd5
20.Rd1xd5 Qd8f6
21.Nf3d2 Qf6g6
22.Kg1 a6
23.Rb1c1 f5
24.Qh3g2 Rc8d8
25.Rc1d1 g4
26.Bb2a3 h5
27.Nd2f1 f4
 { time }
0-1

[Event "Fast Game"]
[Site "www.echecsemail.com"]
[Date "2017.04.15"]
[Round "1"]
[White "Attatroll"]
[Black "Cal"]
[WhiteElo "1850"]
[BlackElo "1730"]
[Result "1-0"]
[Round "1"]
1.e4 e5
2.Ng1f3 d6
3.d4 exd4
4.Nf3xd4 c5
5.Nd4b5 Ng8f6
6.Nb1c3 a6
7.Nb5a3 b5
8.e5 Nf6d7
9.Qd1f3 Nd7xe5
10.Qf3xa8 Nb8d7
11.Na3xb5 axb5
12.Nc3xb5 Bf8e7
13.Bf1e2 O-O
14.Bc1f4 Nd7b6
15.Qa8e4 Bc8d7
16.a4 f5
17.Qe4e3 Bd7xb5
18.axb5 Be7f6
19.O-O Nb6c4
20.Qe3c1 Qd8e7
21.Ra1a6 h6
22.b3 Bf6g5
23.Bf4xg5 hxg5
24.Be2xc4 Ne5xc4
25.bxc4 Rf8f6
26.Qc1xg5 Qe7f7
27.Ra6a8 Kh7
28.Qg5h4 Rf6h6
29.Qh4f4 d5
30.cxd5 Qf7xd5
31.Ra8f8 Qd5b7
32.Qf4xf5 Rh6g6
33.Rf8h8 Kxh8
34.Qf5xg6 Qb7xb5
35.Rf1e1 c4
36.Re1e8 { resign }
1-0

[Event "Tourn. n9304"]
[Site "www.chess-mail.com"]
[Date "2017.04.16"]
[Round "1"]
[White "Sorento"]
[Black "Albertf"]
[WhiteElo "1929"]
[BlackElo "1790"]
[Result "1-0"]
[Round "1"]
1.e4 e5
2.Ng1f3 Nb8c6
3.Bf1c4 Nc6d4
4.c3 Nd4xf3
5.Qd1xf3 Qd8f6
6.Qf3g3 d6
7.O-O Bc8e6
8.Bc4b3 Ng8h6
9.h3 Bf8e7
10.d4 exd4
11.cxd4 Qf6xd4
12.Nb1c3 O-O
13.Bc1xh6 { resign }
1-0

[Event "Tourn. n9210"]
[Site "www.chess-mail.com"]
[Date "2017.04.16"]
[Round "1"]
[White "Osopanda"]
[Black "Norlavuaram"]
[WhiteElo "2040"]
[BlackElo "2130"]
[Result "1-0"]
[Round "1"]
1.d4 Ng8f6
2.c4 g6
3.Nb1c3 Bf8g7
4.e4 d6
5.f4 Bc8g4
6.Ng1f3 O-O
7.Bf1e2 c5
8.d5 a6
9.O-O Nb8d7
10.Bc1e3 Ra8b8
11.e5 Nf6e8
12.h3 Bg4xf3
13.Be2xf3 b5
14.cxb5 axb5
15.a3 b4
16.axb4 Rb8xb4
17.e6 fxe6
18.dxe6 Nd7f6
19.g4 Rb4xb2
20.Ra1a8 Qd8b6
21.Nc3d5 Nf6xd5
22.Bf3xd5 Ne8c7
23.Ra8xf8 Kxf8
24.f5 Nc7xd5
25.Qd1xd5 Qb6b3
26.fxg6 Kg8
27.Qd5a8 { resign }
1-0

[Event "Tourn. n9292"]
[Site "www.chess-mail.com"]
[Date "2017.04.16"]
[Round "1"]
[White "Albertf"]
[Black "Mrmoto"]
[WhiteElo "1750"]
[BlackElo "1680"]
[Result "1/2-1/2"]
[Round "1"]
1.d4 Ng8f6
2.c4 e6
3.e3 Bf8b4
4.Bc1d2 Qd8e7
5.a3 Bb4xd2
6.Nb1xd2 c5
7.Nd2b3 d6
8.Ng1f3 h6
9.Bf1e2 O-O
10.O-O Bc8d7
11.dxc5 Bd7a4
12.Qd1d3 d5
13.cxd5 Nf6xd5
14.Nf3d2 a6
15.Rf1c1 Nb8c6
16.Nd2f3 Ba4b5
17.Qd3d1 Bb5a4
18.Qd1d3 Ba4b5
19.Qd3d1 Bb5a4
20.Qd1d3 Ba4b5
21.Qd3d1 Bb5a4
22.Qd1d3 { draw }
1/2-1/2

[Event "Tourn. n9310"]
[Site "www.chess-mail.com"]
[Date "2017.04.16"]
[Round "1"]
[White "Biggles"]
[Black "Cristiano"]
[WhiteElo "2140"]
[BlackElo "2240"]
[Result "1-0"]
[Round "1"]
1.e4 e5
2.Ng1f3 Nb8c6
3.Bf1c4 Ng8f6
4.Nf3g5 d5
5.exd5 Nf6xd5
6.Ng5xf7 Kxf7
7.Qd1f3 Qd8f6
8.Bc4xd5 Ke7
9.Bd5xc6 Qf6xc6
10.Qf3xc6 bxc6
11.d3 Kf6
12.O-O Bf8d6
13.Nb1c3 Bc8e6
14.b3 Kf7
15.Bc1b2 h5
16.Nc3e4 Be6d5
17.Rf1e1 Bd5xe4
18.Re1xe4 g5
19.Bb2xe5 Bd6xe5
20.Re4xe5 g4
21.Ra1e1 Ra8e8
22.Re5xe8 Rh8xe8
23.Re1xe8 Kxe8
24.f4 gxf3
25.gxf3 Kf7
26.Kf2 Kf6
27.h4 c5
28.c4 Kf5
29.Ke3 c6
30.a3 a6
31.b4 cxb4
32.axb4 Ke5
33.d4 Kf5
34.d5 cxd5
35.c5 Ke5
36.f4 Ke6
37.Kd4 { resign }
1-0

[Event "Tourn. n9156"]
[Site "www.chess-mail.com"]
[Date "2017.04.16"]
[Round "1"]
[White "Giampaolo"]
[Black "Greghghs"]
[WhiteElo "2490"]
[BlackElo "2390"]
[Result "1/2-1/2"]
[Round "1"]
1.d4 d5
2.Ng1f3 c6
3.g3 Ng8f6
4.Bf1g2 Bc8f5
5.O-O e6
6.c3 Bf8d6
7.Nb1a3 h6
8.Na3c2 O-O
9.Nc2e3 Bf5e4
10.c4 Nb8d7
11.Bc1d2 a5
12.c5 Bd6e7
13.Bd2c3 Be4h7
14.Ra1c1 Nf6e4
15.Ne3g4 f6
16.Bc3e1 b6
17.Qd1a4 Ra8c8
18.Nf3d2 Ne4xd2
19.Be1xd2 bxc5
20.Bd2xa5 Qd8e8
21.dxc5 Nd7xc5
22.Qa4d1 Nc5e4
23.b4 c5
24.bxc5 Be7xc5
25.Bg2xe4 Bh7xe4
26.Rc1xc5 Rc8xc5
27.Ba5b4 Rc5c2
28.f3 Be4g6
29.e4 Rc2c4
30.Qd1b3 Rf8f7
31.Ng4e3 Rc4c8
32.exd5 exd5
33.Ne3xd5 Kh7
34.a3 Rf7d7
35.Nd5f4 { draw }
1/2-1/2

[Event "Match"]
[Site "www.echecsemail.com"]
[Date "2017.04.16"]
[Round "1"]
[White "Mrmoto"]
[Black "Carazo"]
[WhiteElo "1700"]
[BlackElo "1610"]
[Result "0-1"]
[Round "1"]
1.e4 d5
2.exd5 Ng8f6
3.Nb1c3 Nf6xd5
4.Nc3xd5 e6
5.Nd5c3 Nb8c6
6.a3 Bf8c5
7.Ng1f3 Qd8f6
8.d3 Nc6d4
9.Nf3xd4 Bc5xd4
10.Nc3e4 Qf6e5
11.f4 Qe5a5
12.Bc1d2 Qa5b6
13.Ra1b1 f5
14.Ne4c3 Bd4f2
15.Ke2 Bf2g1
16.Nc3a4 Qb6f2
{ resign }
0-1

[Event "Match"]
[Site "www.echecsemail.com"]
[Date "2017.04.16"]
[Round "1"]
[White "Darknight"]
[Black "Paco"]
[WhiteElo "1730"]
[BlackElo "1900"]
[Result "0-1"]
[Round "1"]
1.e4 e5
2.Bf1c4 Ng8f6
3.d3 Nb8c6
4.c3 d6
5.h3 Bc8e6
6.Bc4xe6 fxe6
7.Bc1g5 Bf8e7
8.Nb1d2 h6
9.Bg5xf6 Be7xf6
10.Qd1g4 Qd8e7
11.h4 O-O-O
12.g3 d5
13.Qg4d1 Rh8f8
14.Ng1f3 d4
15.c4 Nc6b4
16.Nd2b3 g5
17.h5 Bf6g7
18.Ke2 g4
19.Nf3h4 Qe7f7
20.Rh1f1 Bg7f6
21.Qd1d2 Bf6xh4
22.gxh4 Qf7f3
23.Ke1 Nb4xd3
24.Qd2xd3 Qf3xd3
25.Nb3d2 g3
26.f3 g2
27.Rf1g1 Qd3e3
{ resign }
0-1

[Event "Match"]
[Site "www.echecsemail.com"]
[Date "2017.04.16"]
[Round "1"]
[White "Bojan"]
[Black "Cjood"]
[WhiteElo "2010"]
[BlackElo "1699"]
[Result "1-0"]
[Round "1"]
1.e4 c6
2.d4 g6
3.Bf1c4 Bf8g7
4.Qd1f3 e6
5.c3 d5
6.exd5 exd5
7.Bc4d3 Bc8e6
8.Bc1e3 Nb8d7
9.Ng1h3 Ng8f6
10.Be3g5 Qd8b6
11.b3 O-O-O
12.Nh3f4 Be6g4
13.Qf3g3 Rd8e8
14.Kd2 h5
15.h3 Bg4e6
16.Nf4xe6 Re8xe6
17.f3 Nf6h7
18.Bg5f4 Rh8e8
19.Nb1a3 Bg7xd4
20.cxd4 Qb6xd4
21.Rh1e1 Qd4b4
22.Kc2 Re6xe1
23.Ra1xe1 Re8xe1
24.Bf4d2 Qb4c5
25.Kb2 Re1e6
26.Na3c2 Nd7e5
27.Bd3f1 d4
28.Qg3f2 Re6d6
29.Bd2b4 Qc5d5
30.f4 Rd6f6
31.Qf2d2 Ne5d7
32.Bb4e7 Rf6e6
33.Bf1c4 Qd5f5
34.Nc2xd4 Qf5e4
35.Nd4xe6 fxe6
36.g3 b5
37.Bc4f1 Qe4f3
38.Qd2e1 Qf3d5
39.Be7b4 Nh7f6
40.Qe1e3 Nd7b6
41.Bb4c3 Nf6d7
42.Qe3e2 Nd7c5
43.Bf1g2 Qd5d7
44.Qe2c2 Nc5d3
45.Kb1 c5
46.Bg2e4 c4
47.Be4xg6 Nb6d5
48.Bc3d2 Nd3b4
49.Qc2c1 Qd7c6
50.bxc4 bxc4
51.Bd2xb4 Nd5xb4
52.a3 Nb4d5
53.Bg6xh5 Qc6b5
54.Ka1 Qb5b3
55.Bh5f7 Nd5c3
56.Bf7xe6 Kc7
57.Be6xc4 Qb3xc4
58.Qc1c2 Kd6
59.f5 Qc4d4
60.g4 Qd4c5
61.Kb2 Nc3d5
62.Qc2xc5 Kxc5
63.g5 Nd5f4
64.h4 Kd6
65.Kb3 Ke7
66.Kc4 Kf7
67.Kb5 Nf4g2
68.h5 Ng2h4
69.f6 Nh4f5
70.Ka6 Nf5g3
71.h6 Kg6
72.Kxa7 Ng3f5
73.a4 Kxg5
74.h7 { resign }
1-0

[Event "Match"]
[Site "www.echecsemail.com"]
[Date "2017.04.16"]
[Round "1"]
[White "Ranjachess"]
[Black "Rindrandria"]
[WhiteElo "1830"]
[BlackElo "1640"]
[Result "1-0"]
[Round "1"]
1.d4 h6
2.e4 e5
3.a3 exd4
4.Qd1xd4 c5
5.Qd4e5 Ng8e7
6.Qe5xc5 d6
7.Qc5d4 a6
8.Bc1f4 Ne7g6
9.Bf4g3 Nb8c6
10.Qd4d2 Qd8b6
11.c3 Qb6b3
12.Ng1e2 Bf8e7
13.Ne2d4 Nc6xd4
14.cxd4 d5
15.e5 Be7g5
16.Qd2b4 Qb3c2
17.Nb1d2 Bg5xd2
18.Qb4xd2 Qc2e4
19.Bf1e2 Qe4xg2
20.O-O-O Qg2e4
21.f3 Qe4f5
22.f4 Ng6e7
23.h3 Qf5g6
24.Rh1g1 Bc8xh3
25.Bg3h4 Qg6h7
26.Bh4xe7 Kxe7
27.Rg1g3 Bh3g2
28.Qd2b4 Ke6
29.Be2g4 f5
30.Qb4b6 Kf7
31.Bg4h5 Kf8
32.Qb6d6 Kg8
33.Bh5g6 Ra8c8
34.Kd2 Bg2e4
35.Bg6xh7 Rh8xh7
36.Qd6e6 Kf8
37.Qe6xc8 Kf7
38.Rd1c1 g5
39.Rc1c7 Kg6
40.Qc8e6 Kh5
41.Rc7xh7 Kh4
42.Rg3g1 Kh5
43.Qe6xh6 
1-0

[Event "Fast Game"]
[Site "www.echecsemail.com"]
[Date "2017.04.16"]
[Round "1"]
[White "Ranjachess"]
[Black "Cjood"]
[WhiteElo "1770"]
[BlackElo "1599"]
[Result "0-1"]
[Round "1"]
1.d4 b6
2.e4 Bc8b7
3.d5 Ng8f6
4.Nb1c3 e6
5.Bc1g5 h6
6.Bg5xf6 Qd8xf6
7.Ng1f3 Bf8b4
8.Qd1d2 exd5
9.exd5 Bb4xc3
10.Qd2xc3 Qf6xc3
11.bxc3 Bb7xd5
12.O-O-O Bd5xa2
13.c4 b5
14.Rd1e1 Kf8
15.cxb5 c6
16.Kb2 Ba2d5
17.Re1e3 g5
18.c4 Bd5xf3
19.Re3xf3 cxb5
20.cxb5 Rh8g8
21.Bf1c4 Rg8g7
22.Bc4d5 Nb8c6
23.bxc6 Ra8b8
24.Kc3 dxc6
25.Bd5xc6 Rb8c8
26.Rf3f6 Rg7g6
27.Rf6xg6 fxg6
28.Rh1c1 Rc8xc6
29.Kd2 Rc6xc1
30.Kxc1 Ke7
31.g4 Kd6
32.Kd2 Kc5
33.Ke3 Kb4
34.f4 gxf4
35.Kxf4 a5
36.h4 a4
37.g5 hxg5
38.Kxg5 a3
39.Kxg6 a2
40.h5 a1Q
41.h6 Qa1h8
42.h7 Kc5
43.Kh6 Qh8f6
44.Kh5 Qf6g7
45.h8N Qg7xh8
46.Kg6 Kd5
47.Kg5 Ke5
48.Kg4 Qh8f6
49.Kg3 Qf6f4
50.Kg2 Ke4
51.Kh3 Ke3
52.Kg2 Qf4g4
53.Kf1 Qg4e2
54.Kg1 Kf3
55.Kh1 Qe2g2

0-1

[Event "Tourn. n9077"]
[Site "www.chess-mail.com"]
[Date "2017.04.17"]
[Round "1"]
[White "Pwain"]
[Black "Szustan"]
[WhiteElo "2400"]
[BlackElo "2650"]
[Result "1/2-1/2"]
[Round "1"]
1.e4 e5
2.Ng1f3 Nb8c6
3.Bf1b5 a6
4.Bb5a4 Ng8f6
5.O-O Nf6xe4
6.d4 b5
7.Ba4b3 d5
8.dxe5 Bc8e6
9.c3 Ne4c5
10.Bb3c2 Be6g4
11.Rf1e1 Bf8e7
12.Nb1d2 O-O
13.h3 Bg4h5
14.Nd2b3 Nc5e6
15.Bc2f5 a5
16.g4 Bh5g6
17.Nb3d4 Ne6xd4
18.cxd4 Bg6xf5
19.gxf5 f6
20.e6 Be7b4
21.Bc1d2 Qd8d6
22.Ra1c1 Nc6e7
23.Nf3h4 c6
24.Kh1 Kh8
25.Re1g1 Bb4xd2
26.Qd1xd2 Qd6b4
27.Qd2c3 Ra8b8
28.Qc3g3 Rf8g8
29.Nh4g6 Ne7xg6
30.fxg6 Rg8e8
31.gxh7 Rb8b7
32.Rc1xc6 Qb4xd4
33.Rc6d6 Rb7e7
34.b3 Qd4e4
35.Kh2 b4
36.Rg1d1 Re7xe6
37.Rd6xd5 Re6e5
38.Rd5d4 Qe4c6
39.Qg3g2 Qc6xg2
40.Kxg2 Re5e2
41.Rd1d2 Kxh7
{ draw }
1/2-1/2

[Event "Tourn. n9269"]
[Site "www.chess-mail.com"]
[Date "2017.04.17"]
[Round "1"]
[White "Prize640"]
[Black "Pdebonis"]
[WhiteElo "2400"]
[BlackElo "2540"]
[Result "0-1"]
[Round "1"]
1.e4 e5
2.Ng1f3 Nb8c6
3.Bf1c4 Bf8c5
4.c3 Ng8f6
5.d3 a6
6.Bc4b3 O-O
7.O-O d6
8.Rf1e1 Bc5a7
9.h3 Nc6a5
10.Bb3c2 c5
11.Nb1d2 Bc8e6
12.Nd2f1 h6
13.Nf1g3 b5
14.a4 b4
15.Nf3h4 Ra8b8
16.Nh4f5 Ba7b6
17.Qd1f3 Kh8
18.Nf5xh6 gxh6
19.Bc1xh6 Rf8g8
20.Ng3f5 Rg8g6
21.Bh6e3 Na5c6
22.Nf5h4 Rg6g8
23.Nh4f5 Bb6a5
24.Nf5h6 bxc3
25.Nh6xg8 Nf6xg8
26.Qf3h5 Kg7
27.Be3g5 f6
 { time }
0-1

[Event "Tourn. n9204"]
[Site "www.chess-mail.com"]
[Date "2017.04.17"]
[Round "1"]
[White "Sandokam"]
[Black "Marbachess"]
[WhiteElo "2300"]
[BlackElo "2670"]
[Result "0-1"]
[Round "1"]
1.e4 e6
2.d4 d5
3.Nb1c3 Bf8b4
4.a3 Bb4xc3
5.bxc3 dxe4
6.f3 c5
7.Bf1b5 Bc8d7
8.Qd1e2 cxd4
9.fxe4 Qd8a5
10.Ra1b1 Qa5xc3
11.Kf2 Bd7xb5
12.Rb1xb5 Ng8f6
13.Ng1f3 a6
14.Rb5xb7 Qc3c5
15.Qe2d3 Nb8d7
16.Rh1e1 e5
17.Bc1g5 O-O
18.Kg1 Rf8b8
19.Re1b1 Rb8xb7
20.Rb1xb7 h6
21.Bg5h4 g5
22.Bh4g3 Ra8c8
23.Nf3e1 Kg7
24.Bg3f2 Qc5d6
25.Rb7a7 Qd6b8
26.Qd3xa6 Nd7c5
{ resign }
0-1

[Event "Tourn. n9317"]
[Site "www.chess-mail.com"]
[Date "2017.04.17"]
[Round "1"]
[White "Pachi"]
[Black "Autmich"]
[WhiteElo "1540"]
[BlackElo "1760"]
[Result "0-1"]
[Round "1"]
1.e4 e5
2.Ng1f3 Nb8c6
3.c3 Ng8f6
4.d3 Bf8e7
5.d4 exd4
6.cxd4 Nf6xe4
7.d5 Be7b4
8.Bc1d2 Ne4xd2
9.Nb1xd2 Nc6e7
10.Qd1b3 Bb4xd2
11.Nf3xd2 d6
12.Bf1b5 c6
13.Bb5d3 Ne7xd5
14.Bd3c4 Qd8e7
15.Kd1 Bc8e6
16.Qb3xb7 Qe7xb7
17.Bc4xd5 Be6xd5
18.Rh1e1 Kd7
19.g3 Qb7xb2
20.Ra1b1 Bd5f3
21.Nd2xf3 Qb2xb1
{ resign }
0-1

[Event "Tourn. n9280"]
[Site "www.chess-mail.com"]
[Date "2017.04.17"]
[Round "1"]
[White "Nulladies"]
[Black "Antuan72"]
[WhiteElo "1800"]
[BlackElo "1760"]
[Result "0-1"]
[Round "1"]
1.d4 Ng8f6
2.Bc1f4 Nf6h5
3.Bf4g3 e6
4.Ng1f3 Bf8e7
5.e3 d6
6.Bf1e2 Nb8d7
7.Qd1d3 Nh5xg3
8.hxg3 h6
9.Nb1d2 a6
10.O-O-O O-O
11.g4 c5
12.Kb1 b6
13.Nd2c4 Bc8b7
14.Rh1h3 b5
15.Nc4d2 c4
16.Qd3c3 d5
17.b3 b4
18.Qc3a1 c3
19.Nd2f1 a5
20.Nf1g3 a4
21.bxa4 Ra8xa4
22.Be2b5 Ra4a3
23.Rd1d3 Qd8c7
24.Kc1 Rf8a8
25.Kb1 Ra3xa2
26.Qa1xa2 Ra8xa2
27.Kxa2 Qc7a5
28.Kb3 Qa5a3

0-1

[Event "Tourn. n9258"]
[Site "www.chess-mail.com"]
[Date "2017.04.17"]
[Round "1"]
[White "Norlavuaram"]
[Black "Bojan"]
[WhiteElo "2090"]
[BlackElo "2000"]
[Result "1-0"]
[Round "1"]
1.e4 e5
2.Ng1f3 d6
3.d4 Bc8g4
4.dxe5 Bg4xf3
5.gxf3 dxe5
6.Qd1xd8 Kxd8
7.Bf1c4 f6
8.O-O Bf8c5
9.f4 Nb8d7
10.Rf1d1 Ke7
11.Nb1c3 c6
12.Bc1e3 Bc5d6
13.fxe5 Nd7xe5
14.Bc4e2 b6
15.f4 Ne5g6
16.Rd1f1 Kd7
17.Ra1d1 Kc7
18.Be2g4 Ng8h6
19.Bg4h3 Rh8f8
20.Nc3e2 f5
21.e5 Bd6c5
22.Ne2d4 Ra8e8
23.c3 Rf8f7
24.b4 Bc5e7
25.Nd4e6 Kc8
26.Ne6d4 Kc7
27.Bh3g2 Ng6f8
28.Nd4xc6 Nh6g4
29.Be3c1 a6
30.h3 Ng4h6
31.Bc1e3 a5
32.a3 axb4
33.axb4 b5
34.Rd1a1 Nf8e6
35.Ra1a7 Kc8
36.Rf1a1 Ne6c7
37.Be3b6 Be7d8
38.Nc6xd8 Kxd8
39.Bb6xc7 Kc8
40.Ra7a8 Kd7
41.Ra8xe8 Kxe8
42.Bc7d6 { resign }
1-0

[Event "Tourn. n9333"]
[Site "www.chess-mail.com"]
[Date "2017.04.17"]
[Round "1"]
[White "Pachi"]
[Black "Madz123456"]
[WhiteElo "1560"]
[BlackElo "1410"]
[Result "0-1"]
[Round "1"]
1.e4 c5
2.g3 d5
3.Bf1g2 e6
4.exd5 exd5
5.Ng1e2 d4
6.a3 Bf8d6
7.c3 d3
8.Ne2f4 Qd8e7
9.Kf1 Bd6xf4
10.gxf4 Ng8f6
11.b4 O-O
12.Bg2e4 Qe7xe4
13.Rh1g1 Bc8h3
14.Rg1g2 Qe4xg2
15.Ke1 Qg2f1
{ resign }
0-1

[Event "Tourn. n9286"]
[Site "www.chess-mail.com"]
[Date "2017.04.17"]
[Round "1"]
[White "Autmich"]
[Black "Pachi"]
[WhiteElo "1690"]
[BlackElo "1530"]
[Result "0-1"]
[Round "1"]
1.e4 e5
2.Ng1f3 Nb8c6
3.Bf1c4 h6
4.Nb1c3 Bf8b4
5.d3 Bb4xc3
6.bxc3 Ng8f6
7.O-O O-O
8.Bc1b2 a6
9.Bc4b3 b5
10.c4 d6
11.cxb5 axb5
12.Rf1e1 Bc8g4
13.h3 Bg4xf3
14.Qd1xf3 Nc6d4
15.Bb2xd4 exd4
16.Qf3f5 Ra8a5
17.a4 g6
18.Qf5f4 g5
19.Qf4f5 c6
20.axb5 Ra5xb5
21.Qf5f3 d5
22.exd5 cxd5
23.Ra1a6 Rb5b6
24.Re1a1 h5
25.Qf3f5 g4
26.Bb3xd5 Qd8xd5
27.Qf5xd5 Nf6xd5
28.Ra6a5 Nd5f4
29.hxg4 hxg4
30.Ra5g5 Rb6g6
31.Rg5f5 Nf4e2
32.Kf1 Ne2c3
33.Rf5f4 Rf8d8
34.Ra1a5 g3
35.Ra5f5 Rd8d7
36.Rf4f3 gxf2
37.Kxf2 Nc3d1
38.Kg1 Nd1e3
39.Rf5h5 Ne3xc2
{ resign }
0-1

[Event "Tourn. n9305"]
[Site "www.chess-mail.com"]
[Date "2017.04.17"]
[Round "1"]
[White "Johnmcbride"]
[Black "Pariolinius"]
[WhiteElo "1960"]
[BlackElo "1980"]
[Result "0-1"]
[Round "1"]
1.d4 Ng8f6
2.e3 e6
3.f4 d5
4.Bf1d3 Bf8e7
5.Ng1f3 h6
6.O-O c5
7.c3 c4
8.Bd3c2 Nb8c6
9.Bc2a4 O-O
10.b4 a6
11.Nb1d2 Nf6g4
12.Qd1e2 b5
13.Ba4c2 Bc8d7
14.h3 Ng4f6
15.Nf3e5 a5
16.Ne5xd7 Qd8xd7
17.Nd2f3 axb4
18.Nf3e5 Qd7b7
19.Bc1d2 Nf6e4
20.Bc2xe4 dxe4
21.Ne5xc6 Qb7xc6
22.Rf1c1 b3
23.axb3 cxb3
24.Ra1xa8 Rf8xa8
25.Qe2e1 Ra8a2
26.Rc1a1 Qc6a6
27.Ra1b1 b2
28.Qe1d1 Qa6a3
29.Qd1c2 Ra2a1
30.Kh2 Ra1xb1
31.Qc2xb1 Qa3a1
{ resign }
0-1

[Event "Tourn. n9271"]
[Site "www.chess-mail.com"]
[Date "2017.04.17"]
[Round "1"]
[White "Norlavuaram"]
[Black "Milkyway"]
[WhiteElo "2100"]
[BlackElo "2000"]
[Result "1-0"]
[Round "1"]
1.e4 e5
2.Ng1f3 d6
3.d4 exd4
4.Nf3xd4 Ng8f6
5.Nb1c3 Bf8e7
6.Bf1c4 O-O
7.O-O a6
8.a3  { time }
1-0

[Event "Tourn. n9208"]
[Site "www.chess-mail.com"]
[Date "2017.04.17"]
[Round "1"]
[White "Cernunnoss"]
[Black "Winston"]
[WhiteElo "1950"]
[BlackElo "1800"]
[Result "1-0"]
[Round "1"]
1.e4 e6
2.d4 d5
3.Nb1c3 Ng8f6
4.Bc1g5 Bf8e7
5.e5 Nf6d7
6.h4 Be7xg5
7.hxg5 Qd8xg5
8.Ng1h3 Qg5e7
9.Nh3f4 Nb8c6
10.Qd1g4 f6
11.Nf4g6 f5
12.Ng6xe7 fxg4
13.Ne7xc6 bxc6
14.Bf1e2 O-O
15.Be2xg4 Nd7b6
16.g3 Bc8d7
17.b3 Rf8f7
18.O-O Ra8f8
19.a4 a5
20.Nc3e2 Rf7e7
21.Ne2f4 Rf8e8
22.Nf4d3 Bd7c8
23.Ra1e1 Nb6d7
24.f4 g6
25.Re1c1 Bc8a6
26.Rf1d1 Ba6xd3
27.Rd1xd3 c5
28.c4 cxd4
29.cxd5 exd5
30.Rc1xc7 Nd7f8
31.Rc7xe7 Re8xe7
32.Rd3xd4 Re7b7
33.Bg4f3 Rb7xb3
34.Bf3xd5 { resign }
1-0

[Event "Match"]
[Site "www.echecsemail.com"]
[Date "2017.04.17"]
[Round "1"]
[White "Insearchof"]
[Black "Chapi"]
[WhiteElo "1499"]
[BlackElo "2080"]
[Result "1-0"]
[Round "1"]
1.e4 c5
2.Ng1f3 Nb8c6
3.Bf1b5 d6
4.O-O Bc8d7
5.Rf1e1 g6
6.c3 Bf8g7
7.d4 cxd4
8.cxd4 a6
9.Bb5a4 b5
10.Ba4b3 Ng8f6
11.h3 O-O
12.Nb1c3 Qd8b6
13.e5 Nf6e8
14.Nc3d5 Qb6d8
15.Bc1g5 h6
16.exd6 hxg5
17.dxe7 Nc6xe7
18.Nd5xe7 Kh8
19.Nf3xg5 Ne8d6
20.Bb3xf7 Nd6xf7
21.Ne7xg6 Kg8
22.Ng6e7 Kh8
23.Ng5xf7 Rf8xf7
24.Qd1h5 Bg7h6
25.Qh5xh6 Rf7h7
26.Qh6f6 Rh7g7
27.Re1e4 Bd7f5
28.Re4h4 Bf5h7
29.Rh4xh7 { resign }
1-0

[Event "Match"]
[Site "www.echecsemail.com"]
[Date "2017.04.17"]
[Round "1"]
[White "Chemin"]
[Black "Paco"]
[WhiteElo "1809"]
[BlackElo "1900"]
[Result "1-0"]
[Round "1"]
1.d4 d5
2.c4 dxc4
3.e3 Bc8e6
4.Nb1c3 c6
5.a4 Qd8a5
6.Bc1d2 Nb8a6
7.Ng1f3 Qa5b6
8.Nf3e5 f6
9.Ne5xc4 Be6xc4
10.Bf1xc4 e5
11.dxe5 O-O-O
12.e6 Ng8h6
13.a5 Qb6xb2
14.Bc4xa6 bxa6
15.Ra1b1 Qb2a3
16.Rb1b3 Qa3xa5
17.Qd1f3 Rd8d6
18.Nc3e4 Qa5a1
19.Ke2 Rd6xd2
20.Ne4xd2 Qa1a4
21.Rh1c1 Kc7
22.Rc1c4 Qa4a2
23.Qf3xc6 { resign }
1-0